Foreign Trade and Tariff Proposals. hearings before the United States House Committee on Ways and Means, Ninetieth Congress, second session, on June 11-13, 1968. Part 3 :

Continuation of hearings on H.R. 17551, the Trade Expansion Act of 1968, and related bills to amend the Trade Expansion Act of 1962 and the Tariff Act of 1930. Focuses on agricultural products in international trade.

Bibliographic Details
Corporate Authors: United States. Congress. House. Committee on Ways and Means, ProQuest (Firm)
Format: Government Document eBook
Language:English
Published: Washington : U.S. G.P.O., 1968.
Series:U.S. Congressional Hearings.
Subjects:
Online Access:Connect to the full text of this electronic book

MARC

Tag First Indicator Second Indicator Subfields
LEADER 00000cam a22000001a 4500
001 in00003203045
006 m d f
007 cr bn mmmapmmp
008 090623s1968 dcu o f000 0 eng d
005 20260511211546.5
035 |a cis2007431977 
040 |a UMI  |c UMI  |d UtOrBLW 
043 |a n-us--- 
086 0 |a Y 4.W 36:F 76 tr/7/pt.3 
099 |a HRG-1968-WAM-0009 
110 1 |a United States.  |b Congress.  |b House.  |b Committee on Ways and Means. 
245 1 0 |a Foreign Trade and Tariff Proposals.  |n Part 3 :  |b hearings before the United States House Committee on Ways and Means, Ninetieth Congress, second session, on June 11-13, 1968. 
264 1 |a Washington :  |b U.S. G.P.O.,  |c 1968. 
300 |a 1 online resource. 
336 |a text  |b txt  |2 rdacontent 
337 |a computer  |b c  |2 rdamedia 
338 |a online resource  |b cr  |2 rdacarrier 
500 |a Record is based on bibliographic data in ProQuest Congressional Hearings Digital Collection. Reuse except for individual research requires license from ProQuest, LLC. 
520 |a Continuation of hearings on H.R. 17551, the Trade Expansion Act of 1968, and related bills to amend the Trade Expansion Act of 1962 and the Tariff Act of 1930. Focuses on agricultural products in international trade. 
520 |a Considers (90) S. 3218, (90) H.R. 17551, (90) S. 2537, (90) H.R. 16936, (90) H.R. 8537, (90) H.R. 7175, (90) H.R. 8490, (90) H.R. 9310, (90) H.R. 11646, (90) H.R. 292, (90) H.R. 14473, (90) H.R. 15446, (90) H.R. 17674. 
538 |a System requirements: PDF reader software. 
500 |a Electronic resource. 
650 0 |a Foreign trade regulation  |z United States. 
650 0 |a International economic relations. 
655 7 |a Electronic books.  |2 local 
710 2 |a ProQuest (Firm) 
776 0 8 |i Print version:  |a United States. Congress. House. Committee on Ways and Means.  |t Foreign Trade and Tariff Proposals 
776 0 8 |i Microfiche version:  |a United States. Congress. House. Committee on Ways and Means.  |t Foreign Trade and Tariff Proposals.  |d [Bethesda, Md.] : ProQuest,[2004]  |o CIS Hrgs MF Gp 3--(90) H2367-0-A  |w (ProQuest)cis10801566 
830 0 |a U.S. Congressional Hearings. 
856 4 0 |u http://proxy.library.tamu.edu/login?url=https://congressional.proquest.com/congcomp/getdoc?HEARING-ID=HRG-1968-WAM-0009  |z Connect to the full text of this electronic book  |t 0 
998 |a cis10801566 
999 |a MARS 
999 f f |s a0b7dce5-c4ca-3be8-9690-bfb042059d3b  |i a2b5bb89-b102-3f28-a831-38908b57996f  |t 0 
952 f f |a Texas A&M University  |b College Station  |c Electronic Resources  |s www_evans  |d Available Online  |t 0  |e HRG-1968-WAM-0009  |h Other scheme 
998 f f |a HRG-1968-WAM-0009  |t 0  |l Available Online